000 00829nam a2200229Ia 4500
003 GCL
008 140319s9999 xx 000 0 ara d
020 _a9934201977
040 _aGCL /
_cGCL
082 0 4 _aق
_b962.066
_bع ح
100 1 _aعبده مباشر
245 1 0 _aحرب الاستنزاف /
_cعبده مباشر
700 1 _aاسلام توفيق
260 _aالقاهرة :
_bالهيئة المصرية العامة للكتاب ،
_c2004
300 _a2 مج ؛
_c20 سم
490 _aتاريخ المصريين
_v247-246
650 0 4 _aالحروب العربية الاسرائيلية
650 0 4 _aحرب الاستنزاف
650 0 4 _aحرب يونيو 1967 - مصر
650 0 4 _aمصر - تاريخ - العصر الحديث - جمال عبدالناصر ( 1954-1970 )
942 _2ddc
_cBK
999 _c56803
_d56803